01381nam a2200325 a 4500001001200000003000800012006001900020007001500039008004100054010001700095020002800112040002100140035002000161050002800181082001600209100002900225245008400254260004700338300002300385490006800408504006600476533015200542600006100694650005400755655002900809710001700838830005700855856012600912999001701038ebr10018011CaPaEBRm u cr cn|||||||||000128s2000 ctua sb 001 0deng  z 00022332  z0313309019 (alk. paper) aCaPaEBRcCaPaEBR a(OCoLC)5500285214aPS3503.R167bZ86 2000eb04a813/.542211 aReid, Robin Anne,d1955-10aRay Bradburyh[electronic resource] :ba critical companion /cRobin Anne Reid. aWestport, Conn. :bGreenwood Press,c2000. axi, 133 p. :bill.1 aCritical companions to popular contemporary writers,x1082-4979 aIncludes bibliographical references (p. [121]-129) and index. aElectronic reproduction.bPalo Alto, Calif. :cebrary,d2013.nAvailable via World Wide Web.nAccess may be limited to ebrary affiliated libraries.10aBradbury, Ray,d1920-2012xCriticism and interpretation. 0aScience fiction, AmericanxHistory and criticism. 7aElectronic books.2local2 aebrary, Inc. 0aCritical companions to popular contemporary writers.40uhttp://site.ebrary.com/lib/rucke/Doc?id=10018011zAn electronic book accessible through the World Wide Web; click to view c12432d12432